| 000 | 00328nam a2200121Ia 4500 | ||
|---|---|---|---|
| 008 | 220204s9999 xx 000 0 und d | ||
| 082 |
_a001.5 _bHAW |
||
| 245 | 0 | _aResearch: How to plan, speak and write about it | |
| 260 |
_aBerlin _bSpringer Verlag _c1985 |
||
| 700 | _aHawkins, Clifford | ||
| 700 | _aSorgi, Marco | ||
| 942 | _cBK | ||
| 999 |
_c38988 _d38988 |
||